| 000 | 01005nas a2200313 4500 | ||
|---|---|---|---|
| 001 | BR2015006468 | ||
| 003 | BR-BrBNA | ||
| 005 | 20231205125910.0 | ||
| 007 | ta | ||
| 008 | 230509b bl.|||p| |||| 00| 00por d | ||
| 040 |
_aBR-BrBNA _bpor _cBiblioteca Nacional de Agricultura |
||
| 041 | _a(En) | ||
| 072 | _aT01 | ||
| 100 | 1 | _aGabiboni, L.C. | |
| 100 | 1 | _aSmyth, T.J. | |
| 100 | 1 | _aSchmitt, D.E. | |
| 100 | 1 | _aCasso, P.C. | |
| 100 | 1 | _aOliveira, C.M.B. de | |
| 245 | 1 | _aSoil phosphorus thresholds in evaluating risk of environmental transfer to surface waters in Santa Catarina, Brasil | |
| 650 | _aMEIO AMBIENTE | ||
| 650 | _aPOLUIÇÃO | ||
| 650 | _aSOLO | ||
| 650 | _aDEJETO | ||
| 650 | _aSUÍNO | ||
| 773 | 0 |
_tRevista Brasileira de Ciência do Solo (Brazil) _xISSN 1806-9657 _g(Jul-Aug 2015), v. 39(4) p. 1225-1234 _wBR2015006468 |
|
| 856 | 4 | 0 | _uhttp://www.scielo.br/pdf/rbcs/v39n4/0100-0683-rbcs-39-4-1225.pdf |
| 909 |
_a202311 _bLúcia _c55 _dLúcia Elande |
||
| 942 |
_2AGRIS _n0 _cANA |
||
| 999 |
_c246770 _d246770 |
||